صراع المسلمين مع البرتغاليين فى البحر الاحمر خلال القرن العاشر الهجري-السادس عشر الميلادى / (رقم التسجيلة. 86952)
[ عرض عادي ]
| 000 -LEADER | |
|---|---|
| fixed length control field | 01387nam a2200277 a 4500 |
| 003 - CONTROL NUMBER IDENTIFIER | |
| control field | EG-GiCUC |
| 008 - FIXED-LENGTH DATA ELEMENTS--GENERAL INFORMATION | |
| fixed length control field | 061008s1985 su b g 000 0 ara d |
| 040 ## - CATALOGING SOURCE | |
| Original cataloging agency | EG-GiCUC |
| Language of cataloging | ara |
| Transcribing agency | EG-GiCUC |
| 050 #4 - LIBRARY OF CONGRESS CALL NUMBER | |
| Classification number | DT39 |
| Item number | R36 1985 |
| 092 04 - LOCALLY ASSIGNED DEWEY CALL NUMBER (OCLC) | |
| Classification number | 909.096533 |
| Item number | R174 |
| Edition number | 21 |
| 099 ## - LOCAL FREE-TEXT CALL NUMBER (OCLC) | |
| Classification number | 04 |
| -- | 909.096533 R174 |
| 100 1# - MAIN ENTRY--PERSONAL NAME | |
| Personal name | الرمال : غسان على محمد : |
| Dates associated with a name | 1950 او 1 |
| 245 10 - TITLE STATEMENT | |
| Title | صراع المسلمين مع البرتغاليين فى البحر الاحمر خلال القرن العاشر الهجري-السادس عشر الميلادى / |
| Statement of responsibility, etc. | غسان على محمد الرمال |
| 260 ## - PUBLICATION, DISTRIBUTION, ETC. | |
| Place of publication, distribution, etc. | [جدة : |
| Name of publisher, distributor, etc. | د.ن] : |
| Date of publication, distribution, etc. | 1985 |
| Place of manufacture | (جدة : |
| Manufacturer | دار العلم للطباعة و النشر) |
| 300 ## - PHYSICAL DESCRIPTION | |
| Extent | 354ص : |
| Other physical details | خرائط ؛ |
| Dimensions | 24سم |
| 500 ## - GENERAL NOTE | |
| General note | النسخة رقم (162765) اهداء ا.د.حسنين محمد ربيع |
| 504 ## - BIBLIOGRAPHY, ETC. NOTE | |
| Bibliography, etc. note | يشتمل على ارجاعات ببليوجرافية (ص 327-354) |
| 651 #4 - SUBJECT ADDED ENTRY--GEOGRAPHIC NAME | |
| Geographic name | منطقة البحر الاحمر |
| General subdivision | العلاقات الخارجية |
| Geographic subdivision | البرتغال |
| 651 #4 - SUBJECT ADDED ENTRY--GEOGRAPHIC NAME | |
| Geographic name | منطقة البحر الاحمر |
| General subdivision | تاريخ |
| 651 #7 - SUBJECT ADDED ENTRY--GEOGRAPHIC NAME | |
| Geographic name | البرتغال |
| General subdivision | العلاقات الخارجية |
| Geographic subdivision | منطقة البحر الاحمر |
| 902 ## - LOCAL DATA ELEMENT B, LDB (RLIN) | |
| No. of Items | 2 |
| 905 ## - LOCAL DATA ELEMENT E, LDE (RLIN) | |
| Cataloger | ايمان ع |
| Reviser | مراجع |
| 905 ## - LOCAL DATA ELEMENT E, LDE (RLIN) | |
| Cataloger | جمال |
| Reviser | مدخل |
| 942 ## - ADDED ENTRY ELEMENTS (KOHA) | |
| Source of classification or shelving scheme | Dewey Decimal Classification |
| Koha item type | Books |
| Source of classification or shelving scheme | Not for loan | Home library | Current library | Date acquired | Full call number | Barcode | Date last seen | Copy number | Koha item type |
|---|---|---|---|---|---|---|---|---|---|
| Dewey Decimal Classification | المكتبة المركزبة الجديدة - جامعة القاهرة | قاعة الانسانيات - الدور الثاني | 11.02.2024 | 909.096533 R174 | 01000100112536000 | 22.09.2023 | C.1 | Books | |
| Dewey Decimal Classification | المكتبة المركزبة الجديدة - جامعة القاهرة | قاعة المكتبات المهداة - الدور الرابع | 11.02.2024 | 909.096533 R174 H.R. | 01000100162765000 | 23.06.2024 | C.1 | Books |